|
|
|
|
| LEADER |
00000nam2a2200000 4500 |
| 001 |
284620 |
| 005 |
20231101235719.0 |
| 035 |
|
|
|a (RuTPU)RU\TPU\book\308799
|
| 035 |
|
|
|a RU\TPU\book\320189
|
| 035 |
|
|
|a RU\TPU\book\304557
|
| 090 |
|
|
|a 284620
|
| 100 |
|
|
|a 20150520d1962 m y0rusy50 ca
|
| 101 |
0 |
|
|a rus
|
| 102 |
|
|
|a RU
|
| 105 |
|
|
|a a j 001zy
|
| 200 |
0 |
|
|a Вып. 6 : Работа с радиоактивными изотопами
|f О. Р. Кольс, И. М. Лимаренко
|
| 210 |
|
|
|d 1962
|
| 215 |
|
|
|a 203 с.
|c ил.
|
| 320 |
|
|
|a Библиогр.: с. 185-186
|
| 461 |
|
1 |
|0 (RuTPU)RU\TPU\book\287870
|t Практикум по общей биофизике
|o учебное пособие
|o в 8 вып.
|f под общей ред. Б. Н. Тарусова
|v Вып. 6 : Работа с радиоактивными изотопами
|d [1958]-1964
|
| 606 |
1 |
|
|a Биофизика
|2 stltpush
|3 (RuTPU)RU\TPU\subj\70413
|9 84680
|
| 606 |
1 |
|
|a Радиоактивные изотопы
|x Применение в биологии
|2 stltpush
|3 (RuTPU)RU\TPU\subj\22384
|9 47154
|
| 610 |
1 |
|
|a учебные пособия
|
| 610 |
1 |
|
|a лабораторные работы
|
| 610 |
1 |
|
|a меченые атомы
|
| 610 |
1 |
|
|a ядерные излучения
|
| 610 |
1 |
|
|a физика
|
| 610 |
1 |
|
|a радиометрические методы
|
| 610 |
1 |
|
|a индикаторы
|
| 610 |
1 |
|
|a биологические исследования
|
| 610 |
1 |
|
|a авторадиография
|
| 675 |
|
|
|a 577.3(075.8)
|v 4
|
| 675 |
|
|
|a 577.346(075.8)
|v 4
|
| 700 |
|
1 |
|a Кольс
|b О. Р.
|
| 701 |
|
1 |
|a Лимаренко
|b И. М.
|
| 801 |
|
1 |
|a RU
|b 63413507
|c 20150217
|
| 801 |
|
2 |
|a RU
|b 63413507
|c 20180221
|g RCR
|
| 942 |
|
|
|c BK
|